000 00490nam a2200181Ia 4500
001 18583
005 20260306171641.0
008 260306s9999||||xx |||||||||||||| ||und||
041 _aESP
082 _a658.4092
_bB61
100 _aBlanchard, Ken
_eAUT
245 0 _aUn líder como Jesús:
_blecciones del mejor modelo a seguir del liderazgo de todos los tiempos
260 _c2006
300 _a227 cpáginas :
_c21 cm.
650 _aGEN
654 _aCAN
942 _cLIB
_dJUS
_fJUS
_2ddc
_n
999 _c18583
_d18583